00633nam a2200169Ia 4500008004100000020001800041041000800059082001600067100001700083245008200100250000600182260004100188300001200229650002400241999001900265952017900284210716s2008 xx 000 0 und d a9780333935033 aeng a519.53 SHAJ aSharma, J K. aQuantitative techniques: for managerial decisions.bFor managerial decisions. a1 aNew DelhibMacmillan India Ltdc2008 axix,908 aOperations Research c202029d202029 00102ddc40708MBAaAIMITbAIMITcORd2007-11-20g355.00iBill no:209; Bill dt:2007-11-20l1o519.53 SHAJpMBA04595r2026-05-23 00:00:00s2021-09-29v284.00w2021-07-16yBK